000 00602nam a22001937a 4500
005 20161206111717.0
010 _aENG-116269
020 _a9788120352520
_c595.00
035 _aEN-99801
037 _bDBAD/PUB
082 _a539.7
100 _aAgrawal, Hari M.
245 _a Nuclear physics :
_bProblem-based approach including MATLAB /
_cby Hari M. Agrawal
260 _aDelhi
_bPHI Learning
_c2016
270 _a111,Patparganj Industrial Eatate
_bDelhi
_e110092
300 _ax,470p. :
_bill
_c24cm(pbk)
_eCD-ROMs
500 _aIncludes index
942 _2ddc
_cEN
_h539.7
_mAGR
999 _c104121
_d104121